| 000 -CABECERA |
| fixed length control field |
01063nam a22001937a 4500 |
| 003 - IDENTIFICADOR DEL NÚMERO DE CONTROL |
| control field |
AR-CdUCM |
| 008 - DATOS DE LONGITUD FIJA--INFORMACIÓN GENERAL |
| fixed length control field |
190319b ||||| |||| 00| 0 spa d |
| 040 ## - FUENTE DE LA CATALOGACIÓN |
| Agencia/entidad que catalogó originalmente la obra |
MUNICIPALIDAD PROVINCIAL DEL CUSCO |
| Entidad que transcribió la catalogación |
BIBLIOTECA MUNICIPAL DEL CUSCO |
| 082 ## - NÚMERO DE LA CLASIFICACIÓN DECIMAL DEWEY |
| No. de Clasificación |
615.882 / |
| Notacion interna |
N28 |
| 245 ## - MENCIÓN DE TÍTULO |
| Título |
Medicinas alternativas / |
| 260 ## - PUBLICACIÓN, DISTRIBUCIÓN, ETC. |
| Lugar de publicación, distribución, etc. |
Lima : |
| Nombre de la editorial, distribuidor, etc. |
Naturismo, |
| 300 ## - DESCRIPCIÓN FÍSICA |
| Nº de Páginas Extensión |
7 volúmenes ; |
| Dimensiones |
20 cm. |
| 505 ## - NOTA DE CONTENIDO CON FORMATO |
| Nota de contenido formateada |
Contenido : V1: Como prevenir y curar diferentes enfermedades mediante la fototerapia --V.2: Como prevenir y curar enfermedades mediante las frutas --V.3: Como prevenir y curar enfermedades mediante el uso de la acupuntura --V.5: Como prevenir y curar enfermedades mediante la cosmobiologia --V.6: Como prevenir y curar enfermedades con la hipnoterapia --V.7: Como prevenir y curar enfermedades mediante la homeopatia --V.8: Baños de sol ,hidroterapia, fisioterapia, digitopuntura / |
| 650 ## - PUNTO DE ACCESO ADICIONAL DE MATERIA--TÉRMINO DE MATERIA |
| Descriptor |
Medicina alternativa |
| 9 (RLIN) |
18747 |
| 650 ## - PUNTO DE ACCESO ADICIONAL DE MATERIA--TÉRMINO DE MATERIA |
| Descriptor |
Naturopatía |
| 9 (RLIN) |
19456 |
| 700 ## - PUNTO DE ACCESO ADICIONAL--NOMBRE DE PERSONA |
| Nombre Personal |
Antidoro Cáceres Velásquez (director científico ) |
| 9 (RLIN) |
19457 |
| 942 ## - ELEMENTOS DE PUNTO DE ACCESO ADICIONAL (KOHA) |
| Fuente de clasificación |
|
| Tipo de item |
Libros-BMC |
| 945 ## - PROCESAMIENTO DE INFORMACIÓN LOCAL (OCLC) |
| Catalogador |
rjall |